The Small Voice of History (Record no. 15787)

MARC details
000 -LEADER
fixed length control field 00597nam a2200229 a 4500
020 ## - INTERNATIONAL STANDARD BOOK NUMBER
ISBN 9788178242910
082 00 - DEWEY DECIMAL CLASSIFICATION NUMBER
Classification number 954.0072
Author Cutter CHA1
100 ## - MAIN ENTRY--AUTHOR NAME
Author name Chatterjee, Partha
245 ## - TITLE STATEMENT
Title The Small Voice of History
Sub title Collected Essays
260 ## - PUBLICATION, DISTRIBUTION, ETC. (IMPRINT)
Place of publication Delhi
Name of publisher Permanent Black
Year of publication 2009
300 ## - PHYSICAL DESCRIPTION
Number of Pages 666p
500 ## - GENERAL NOTE
General note includes index and biblioraphy
650 ## - SUBJECT ADDED ENTRY--TOPICAL TERM
Topical Term India-Historiography
942 ## - ADDED ENTRY ELEMENTS (KOHA)
Koha item type Books
700 1# -
-- Chatterjee, Partha
Holdings
Collection code Home library Current library Date acquired Cost, normal purchase price Full call number Accession Number Koha item type
  Henry Martyn Institute Library Henry Martyn Institute Library 09/27/2010 495.00 954.0072 CHA1 023366 Books
                   Copyright © 2026 | Henry Martyn Institute | Hyderabad | TS-500052 | INDIA | Implemented by hmi.edu.in
Hit-Count:

Powered by Koha